| 000 | 00519nam a2200169Ia 4500 | ||
|---|---|---|---|
| 008 | 220216s9999 xx 000 0 und d | ||
| 100 | _aRekha K | ||
| 245 | 3 | _aAn efficient protocol for Agrobacterium-mediated genetic transformation in rubber tree (Hevea brasiliensis). | |
| 260 |
_bPlant Cell Biotechnology and Molecular Biology _c2006 |
||
| 300 | _a155-158 | ||
| 700 | _aCyriac Jinu | ||
| 700 | _aJayashree R | ||
| 700 | _aJayasree P K | ||
| 700 | _aThulaseedharan A | ||
| 700 | _aVenkatachalam P | ||
| 942 | _cBS | ||
| 999 |
_c48843 _d48843 |
||